000 00343nam a22001457a 4500
003 OSt
008 250425b |||||||| |||| 00| 0 eng d
020 _a9789353456443
100 _aDIVAKARUNI, Chitra Banerjee
245 _aAn Uncommon Love
260 _aNew Delhi
_bJuggernaut
_c2023
300 _a345
650 _aGeneral
942 _2ddc
_cBK
999 _c13431
_d13431